| 000 | 00879ntm a22002537a 4500 | ||
|---|---|---|---|
| 005 | 20170809110621.0 | ||
| 008 | 170802s2010 xx a frb 000 0 eng d | ||
| 040 |
_aEG-ScBUE _beng _cEG-ScBUE |
||
| 082 | 0 | 4 |
_222 _a624 _bTAH |
| 100 | 1 | _aTaha, Aliaa A. | |
| 245 | 1 | 2 |
_aA celebration of culture / _cAliaa A. Taha. |
| 260 | _c2010. | ||
| 300 |
_aviii, 79 p. ,32 p. : _bill. (col.) ; _c28 cm. |
||
| 500 | _aA thesis submitted to The Faculty Of Engineering, The British University In Egypt, in partial fulfillment of the requirements for degree of bachelor in architectural engineering. | ||
| 590 | _aNour | ||
| 650 |
_2BUEsh _aArchitectural engineering _vProjects |
||
| 653 |
_bENGARC _cAugust2017 |
||
| 655 | _vSPRO | ||
| 700 | 1 |
_aRashed, Ahmed. _eths |
|
| 700 | 1 |
_aSheweka, Samar. _eths |
|
| 700 | 1 |
_aAhmed, Safie El din. _eths |
|
| 700 | 1 |
_aTalaat, Seif. _eths |
|
| 942 | _2ddc | ||
| 999 |
_c25285 _d25257 |
||